Obtención y caracterización de microcápsulas de liberación controlada por el método de emulsificación y evaporación del disolvente, para un fármaco hidrosoluble : Metformina clorhidrato
Gespeichert in:
| 1. Verfasser: | |
|---|---|
| Format: | Buch |
| Sprache: | Spanish |
| Veröffentlicht: |
San José, Costa Rica
2017
|
| Schlagworte: | |
| Tags: |
Tag hinzufügen
Keine Tags, Fügen Sie den ersten Tag hinzu!
|
MARC
| LEADER | 00000nam a22000007a 4500 | ||
|---|---|---|---|
| 003 | 012802 | ||
| 005 | 20221231144246.0 | ||
| 008 | 171109b2017 cr a|||| |m|| 00| ||spa d | ||
| 040 | |c cru CEDI | ||
| 090 | |a TFG 7953 | ||
| 100 | |9 10283 |a Hernández Monge, Edgar Antonio | ||
| 245 | |a Obtención y caracterización de microcápsulas de liberación controlada por el método de emulsificación y evaporación del disolvente, para un fármaco hidrosoluble : Metformina clorhidrato | ||
| 260 | |a San José, Costa Rica |c 2017 | ||
| 300 | |a xx, 171 hojas ; ilustraciones | ||
| 500 | |a Proyecto de graduación (licenciatura en ingeniería química)--Universidad de Costa Rica. Facultad de Ingeniería. Escuela de Ingeniería Química | ||
| 650 | |x METFORMINA |x MEDICAMENTOS |x SOLUBILIDAD - PRUEBAS - TECNICAS |x SOLUCIONES (FARMACIA) |x MICROENCAPSULADO |x BIOFARMACIA |x EMULSIONES |x EVAPORACION |9 10284 | ||
| 942 | |c TFG | ||
| 999 | |c 19190 |d 19190 | ||
